| 000 | 00635nam a22001937a 4500 | ||
|---|---|---|---|
| 003 | OSt | ||
| 005 | 20260427061845.0 | ||
| 008 | 260427b |||||||| |||| 00| 0 eng d | ||
| 020 | _a9789710729043 | ||
| 040 |
_aDWCL Main Lib. _cOC |
||
| 082 | _aFil. 499.211 J63h 2013 | ||
| 100 | _aJocson, Magdalena O. | ||
| 245 |
_aHiyas ng lahi 7 : _bpanitikan, gramatika at retorika / _cMagdalena O. Jocson |
||
| 260 |
_aQuezon City, Philippines : _bVibal Publishing House, _cc2013 |
||
| 300 |
_axiv , 418 pages : _billustrations ; _c26 cm. |
||
| 504 | _aIncludes index. | ||
| 650 | _a1. Filipino--Study and teaching. | ||
| 942 |
_2ddc _cBK-FIL _n0 |
||
| 999 |
_c9936 _d9936 |
||